000 00299 a2200121 4500
000 nam a22 7a 4500
005 20260218043257.0
020 _a9781906884390
100 _a Goodwin, Harold
_91116112
245 _aTaking Responsibility for Tourism
260 _bGoodfellow
_c2011
942 _cTB
999 _c1679908
_d1679908